Central Library OPAC University of Rajshahi

Rodd's Chemistry of carbon compounds : (Record no. 11285)

MARC details
000 -LEADER
fixed length control field 01077nam a2200265 a 4500
001 - CONTROL NUMBER
control field 11285
003 - CONTROL NUMBER IDENTIFIER
rucl marc code BD RJUL
005 - DATE AND TIME OF LATEST TRANSACTION
control field 20211208235111.0
008 - FIXED-LENGTH DATA ELEMENTS--GENERAL INFORMATION
fixed length control field 170606s1965 nyua b 011 0 engd
035 ## - SYSTEM CONTROL NUMBER
System control number 751363
040 ## - CATALOGING SOURCE
Original cataloging agency DLC
Transcribing agency DLC
Modifying agency BD RJUL
Language of cataloging eng
041 ## - LANGUAGE CODE
Language code of text/sound track or separate title eng
082 00 - DEWEY DECIMAL CLASSIFICATION NUMBER
Edition number 23
Classification number 547
Author mark and year ROD 1965
245 00 - TITLE STATEMENT
Title Rodd's Chemistry of carbon compounds :
Remainder of title a modern comprehensive treatise /
Statement of responsibility, etc. edited by S. Coffey.
250 ## - EDITION STATEMENT
Edition statement 2nd ed.
260 ## - PUBLICATION, DISTRIBUTION, ETC. (IMPRINT)
Place of publication, distribution, etc. Amsterdam ;
-- New York :
Name of publisher, distributor, etc. Elsevier,
Date of publication, distribution, etc. 1965.
300 ## - PHYSICAL DESCRIPTION
Pagination v. :
Illustrations ill. ;
Size 24 cm.
504 ## - BIBLIOGRAPHY, ETC. NOTE
Bibliography, etc Includes bibliographical references and index
505 0# - FORMATTED CONTENTS NOTE
Formatted contents note Vol. 1. pt. B, Monohydric alcohols, their ethers ans esters, Sulphur analogues, Nitrogen derivatives, Organometallic compounds -- pt. C, Monocarbonyl derivates of aliphatic hydrocarbons, their analogues and derivates -- pt. D, Dihydric alcohols, their oxidation products and derivatives --
650 #0 - SUBJECT ADDED ENTRY--TOPICAL TERM
Topical term or geographic name as entry element Chemistry, Organic.
9 (RLIN) 34915
Topical term or geographic name as entry element Carbon compounds.
9 (RLIN) 31944
700 1# - ADDED ENTRY--PERSONAL NAME
Personal name Coffey, S.
Fuller form of name (Samuel)
942 ## - ADDED ENTRY ELEMENTS (KOHA)
Source of classification or shelving scheme Dewey Decimal Classification
Koha item type Books
Holdings
Lost status Source of classification or shelving scheme Damaged status Not for loan Collection code Permanent Location Current Location Shelving location Date acquired Source of acquisition Cost, normal purchase price Total Checkouts Full call number Date last seen Copy number Koha item type
  Dewey Decimal Classification   Not For Loan Non-fiction Central Library, University of Rajshahi Central Library, University of Rajshahi Reading Room 02/04/1967 Book View, Dacca 157.50   547 ROD V-1,Pt-D 1965 26/01/2014 C-1 Books
  Dewey Decimal Classification   Not For Loan Non-fiction Central Library, University of Rajshahi Central Library, University of Rajshahi Reading Room 03/04/1967 book centre 127.50   547 ROD V-1,Pt-C 1965 07/06/2017 C-1 Books
  Dewey Decimal Classification   Not For Loan Non-fiction Central Library, University of Rajshahi Central Library, University of Rajshahi Reading Room 03/04/1967 book centre 127.50   547 ROD V-1,Pt-B 196 08/06/2017 C-1 Books